[Event "Florianopolis Winter op 8th"]
[Site "Florianopolis"]
[Date "2024.07.13"]
[Round "7"]
[White "Lelinski, Arthur"]
[Black "Nunes, Rafael Klanfer"]
[Result "0-1"]
[WhiteElo "1800"]
[BlackElo "1757"]
[PlyCount "84"]
[EventDate "2024.07.09"]
[EventType "swiss"]
[EventRounds "9"]
[EventCountry "BRA"]
[SourceTitle "CBM 221 Extra"]
[Source "ChessBase"]
[SourceDate "2024.09.30"]
[SourceVersion "1"]
[SourceVersionDate "2024.09.30"]
[SourceQuality "1"]

1. e4 c5 2. d4 cxd4 3. Nf3 d6 4. Nxd4 Nf6 5. Nc3 a6 6. Bc4 e6 7. Bg5 b5 8. Bb3 Be7 9. 0-0 0-0 10. Re1 e5 11. Nf3 Nbd7 12. a3 Bb7 13. Nd2 h6 14. Bh4 Nh7 15. Bxe7 Qxe7 16. Nf1 Nc5 17. Bd5 Rfd8 18. b4 Ne6 19. g3 Nd4 20. Nd2 Rac8 21. Ndb1 Nf6 22. Bxb7 Qxb7 23. Ra2 Rc4 24. Re3 Rdc8 25. f4 Qa7 26. Kh1 Qd7 27. f5 Qb7 28. h3 Rxc3 29. Nxc3 Rxc3 30. Rxc3 Nxe4 31. Rc8+ Qxc8 32. Kh2 Nc3 33. Qa1 Nxa2 34. Qxa2 Qc4 35. Qxc4 bxc4 36. c3 Nb5 37. a4 Nxc3 38. Kg2 Nxa4 39. Kf2 d5 40. Ke2 d4 41. Kd2 c3+ 42. Kc2 Nb6 0-1

[Event "Florianopolis Winter op 8th"]
[Site "Florianopolis"]
[Date "2024.07.13"]
[Round "8"]
[White "Salamanca Paraguayo, Mateo"]
[Black "Lelinski, Arthur"]
[Result "1-0"]
[WhiteElo "1547"]
[BlackElo "1800"]
[PlyCount "106"]
[EventDate "2024.07.09"]
[EventType "swiss"]
[EventRounds "9"]
[EventCountry "BRA"]
[SourceTitle "CBM 221 Extra"]
[Source "ChessBase"]
[SourceDate "2024.09.30"]
[SourceVersion "1"]
[SourceVersionDate "2024.09.30"]
[SourceQuality "1"]

1. e4 e5 2. Nf3 Nf6 3. Nxe5 d6 4. Nf3 Nxe4 5. d3 Nf6 6. Nc3 Be7 7. Be2 Nc6 8. 0-0 0-0 9. Bf4 Re8 10. Re1 h6 11. h3 Bf8 12. Bf1 b6 13. d4 Bb7 14. Rxe8 Qxe8 15. Bb5 a6 16. Bd3 Nb4 17. Be2 Nbd5 18. Nxd5 Nxd5 19. Bd2 c5 20. c4 Nf6 21. d5 g6 22. Bd3 Bg7 23. Qc2 Nd7 24. Re1 Ne5 25. Nxe5 Bxe5 26. Bxh6 Qd7 27. Bxg6 fxg6 28. Qxg6+ Bg7 29. Bxg7 Qxg7 30. Qxg7+ Kxg7 31. Re7+ Kf6 32. Rxb7 b5 33. b3 bxc4 34. bxc4 Ke5 35. Rb6 a5 36. g4 a4 37. a3 Ra7 38. Kg2 Ra8 39. g5 Rg8 40. h4 Rh8 41. Kg3 Rf8 42. f3 Rf4 43. g6 Rxc4 44. g7 Rc1 45. Kg2 Rc2+ 46. Kh3 Rc3 47. g8Q Rxf3+ 48. Kg2 Rxa3 49. Qe6+ Kd4 50. Rb2 c4 51. Qxd6 Rd3 52. Qf6+ Kxd5 53. Rb5+ Ke4 1-0

[Event "Florianopolis Winter op 8th"]
[Site "Florianopolis"]
[Date "2024.07.09"]
[Round "1"]
[White "Lelinski, Arthur"]
[Black "Hessmann, Eduardo Franzoni"]
[Result "1-0"]
[WhiteElo "1800"]
[BlackElo "1868"]
[PlyCount "69"]
[EventDate "2024.07.09"]
[EventType "swiss"]
[EventRounds "9"]
[EventCountry "BRA"]
[SourceTitle "CBM 221 Extra"]
[Source "ChessBase"]
[SourceDate "2024.09.30"]
[SourceVersion "1"]
[SourceVersionDate "2024.09.30"]
[SourceQuality "1"]

1. e4 c5 2. d4 cxd4 3. Nf3 d6 4. Nxd4 Nf6 5. Nc3 a6 6. Bc4 e6 7. Bg5 Nbd7 8. 0-0 b5 9. Bb3 Nc5 10. Re1 Bd7 11. e5 dxe5 12. Rxe5 Qc7 13. Re3 0-0-0 14. Qf3 Bd6 15. Qa8+ Qb8 16. Qxb8+ Bxb8 17. Bh4 Rhe8 18. a4 Ba7 19. Rg3 Nce4 20. Nxe4 Nxe4 21. Rd3 g5 22. Bg3 b4 23. Nf3 h6 24. Nd2 Nc5 25. Nc4 Bb8 26. Nd6+ Bxd6 27. Rxd6 a5 28. Rb6 Nb7 29. Bc4 Re7 30. Ba6 Be8 31. c3 f5 32. h4 bxc3 33. Rc1 Rc7 34. hxg5 Kb8 35. Rxc3 1-0